Their Only Number One - UK Edition - Name The Artist - Statistics

General Stats
  • This quiz has been taken 74 times
  • The average score is 154 of 666
Answer Stats
Year Song Artist % Correct
1987 Pump Up The Volume/Anitina (The First Time I See She Dance) M|A|R|R|S
100%
1985 The Sun Always Shines on TV A-ha
74%
1987 Stand By Me Ben E King
68%
1956 Memories Are Made of These Dean Martin
68%
2016 Cold Water
68%
1987 Never Gonna Give You Up Rick Astley
68%
1999 Livin' La Vida Loca Ricky Martin
68%
1957 Great Balls of Fire Jerry Lee Lewis
65%
1967 I'm a Believer The Monkees
65%
2012 Don't You Worry Child John Martin
62%
1983 Whatever I Lay My Hat (That's My Home) Paul Young
62%
1978 Y.M.C.A The Village People
62%
2013 Blurred Lines T.I
62%
1984 Do They Know It's Christmas Band Aid
59%
1986 The Final Countdown Europe
59%
1971 | 2002 My Sweet Lord George Harrison
59%
1997 MMM Bop Hanson
59%
1979 Another Brick in the Wall (Part II) Pink Floyd
59%
1970 Bridge Over Troubled Water Simon & Garfunkel
59%
1990 Ice Ice Baby Vanilla Ice
59%
1983 Total Eclipse of the Heart Bonnie Tyler
56%
1979 I Will Survive Gloria Gaynor
56%
1993 I Would Do Anything For Love (But I Won't Do That) Meat Loaf
56%
1997 Don't Speak No Doubt
56%
1974 Mississippi Pussycat
56%
1969 Two Little Boys Rolf Harris
56%
1990 Nothing Compares 2 U Sinéad O'Connor
56%
1997 Men in Black Will Smith
56%
1999 I Want It That Way Backstreet Boys
53%
2010 Forget You CeeLo Green
53%
1975 Whispering Grass Don Estelle
53%
1978 Wuthering Heights Kate Bush
53%
1970 Wand'rin' Star/Talk to the Trees Lee Marvin
53%
1984 Hello Lionel Richie
53%
1982 House of Fun Madness
53%
1969 I Heard It Through the Grapevine Marvin Gaye
53%
1983 Down Under Men at Work
53%
1984 99 Red Balloons Nena
53%
1965 I Got You Babe Sonny and Cher
53%
1964 House of the Rising Sun The Animals
53%
1989 Eternal Flame The Bangles
53%
1977 Mull of Kintyre/Girls' School Wings
53%
1972 School's Out Alice Cooper
50%
2018 Shallow Bradley Cooper
50%
1986 The Lady In Red Chris De Burgh
50%
1995 Gangsta's Paradise Coolio
50%
2018 Funky Friday Dave
50%
1972 Long Haired Lover From Liverpool Jimmy Osmond
50%
1976 When a Child Is Born Johnny Mathis
50%
1968 What a Wonderful World/Cabaret Louis Armstrong
50%
1981 Tainted Love Soft Cell
50%
1982 Eye of the Tiger Survivor
50%
1975 Stand By Your Man Tammy Wynette
50%
1974 Seasons in the Sun Terry Jacks
50%
1979 Video Killed the Radio Star The Buggles
50%
1986 Don't Leave Me This Way The Communards
50%
1987 Heaven is a Place On Earth Belinda Carlisle
47%
1971 Ernie (The Fastest Milkman in the West) Benny Hill
47%
1986 Take My Breath Away (Love Theme from 'Top Gun') Berlin
47%
1972 My Ding-a-ling Chuck Berry
47%
1977 I Feel Love Donna Summer
47%
1994 Stay Another Day East 17
47%
1984 I Know Him So Well Elaine Paige
47%
1985 There Must Be An Angel (Playing With My Heart) Eurythmics
47%
1984 I Want to Know What Love Is Foreigner
47%
1982 Fame Irene Cara
47%
1963 Diamonds Jet Harris
47%
1974 Annie's Song John Denver
47%
1980 Feels Like I'm In Love Kelly Marie
47%
1976 Don't Go Breaking My Heart Kiki Dee
47%
1962 I Can't Stop Loving You Ray Charles
47%
1997 Teletubbies Say Eh-Oh! Teletubbies
47%
1986 Caravan of Love The Housemartins
47%
1981 Don't You Want Me The Human League
47%
1979 Brass in Pocket The Pretenders
47%
1976 Combine Harvester The Wurzels
47%
1988 I Think We're Alone Now Tiffany
47%
1987 China in Your Hand T'Pau
47%
1994 Saturday Night Whigfield
47%
1982 Goody Two Shoes Adam Ant
44%
1980 Woman in Love Barbra Streisand
44%
1983 Uptown Town Billy Joel
44%
1986 When The Going Gets Tough, The Tough Get Going Billy Ocean
44%
1974 Kung Fu Fighting Carl Douglas
44%
1984 You Spin Me Round (Like A Record) Dead or Alive
44%
1961 Runaway Del Shannon
44%
2008 American Boy Estelle
44%
1985 A Good Heart Feargal Sharkey
44%
1970 Band of Gold Freda Payne
44%
1978 Hit Me With Your Rhythm Sticks Ian Dury and The Blockheads
44%
1983 Too Shy Kajagoogoo
44%
1993 Relight My Fire Lulu
44%
1993 Mr Blobby Mr Blobby
44%
1986 Every Loser Wins Nick Berry
44%
1970 Spirit in the Sky Norman Greenbaum
44%
1985 19 Paul Hardcastle
44%
1956 Magic Moments Perry Como
44%
1960 Tell Laura I Love Her Ricky Valance
44%
2020 Rockstar Roddy Ricch
44%
1995 Fairground Simply Red
44%
1983 """True""" Spandau Ballet
44%
1980 There's No One Quite Like Grandma St Winifred's School Choir
44%
1978 Three Times A Lady The Commodores
44%
1976 December '63 (Oh, What a Night) The Four Seasons
44%
1974 Love Me For A Reason The Osmonds
44%
2007 (I'm Gonna Be) 500 Miles The Proclaimers
44%
1968 Lily the Pink The Scaffold
44%
1976 I Love to Love (But My Baby Loves To Dance) Tina Charles
44%
1985 We Are the World USA for Africa
44%
1977 Yes Sir I Can Boogie Baccara
41%
1974 You're the First, the Last, My Everything Barry White
41%
1989 Ride on Time Black Box
41%
1982 Happy Talk Captain Sensible
41%
2012 Call Me Maybe Carly Rae Jepsen
41%
1991 The One and Only Chesney Hawkes
41%
1997 Brimful of Asha Cornershop
41%
1996 Breakfast At Tiffany's Deep Blue Something
41%
1968 I Pretend Des O'Connor
41%
1994 Things Can Only Get Better D:Ream
41%
1986 Rock Me Amadeus Falco
41%
1968 Albatross Fleetwood Mac
41%
1979 Cars Gary Numan
41%
1996 Ooh Aah... Just A Little Bit Gina G
41%
1991 Bring Your Daughter... to the Slaughter Iron Maiden
41%
1985 The Power of Love Jennifer Rush
41%
1980 Theme From M*A*S*H (Suicide Is Painless) M*A*S*H
41%
1987 Respectable Mel and Kim
41%
1982 Pass the Dutchihe Musical Youth
41%
2012 Gangman Style PSY
41%
1994 Cotton Eye Joe Rednex
41%
2013 Thirfit Shop Ryan Lewis
41%
1976 Under The Moon of Love Showaddywaddy
41%
2011 Titanium Sia
41%
1986 The Chicken Song Spitting Image
41%
1987 Nothing's Gonna Stop Us Now Starship
41%
1969 Sugar, Sugar The Archies
41%
1965 Mr Tambourine Man The Byrds
41%
1966 Reach Out I'll Be There The Four Tops
41%
1970 Voodoo Chile The Jimi Hendrix Experience
41%
1964 Baby Love The Supremes
41%
1997 The Drugs Don't Work The Verve
41%
1982 The Lion Sleeps Tonight Tight Fit
41%
2005 (Is This The Way To) Amarillo Tony Christie
41%
1977 Uptown Top Ranking Althia and Donna
38%
1981 Japanese Boy Aneka
38%
1979 Ring My Bell Anita Ward
38%
1988 Don't Turn Around Aswad
38%
1984 I Know Him So Well Barbara Dickson
38%
1975 D.I.V.O.R.C.E Billy Connolly
38%
1959 It Doesn't Matter Anymore Buddy Holly
38%
1976 If You Leave Me Now Chicago
38%
2006 It's Chico Time Chico
38%
1970 Yellow River Christie
38%
1986 Spirit in the Sky Doctor and the Medics
38%
1979 When You're in Love with a Beautiful Woman Dr Hook
38%
1982 I Don't Wanna Dance Eddy Grant
38%
2002 Hero Enrique Iglesias
38%
1982 Seven Tears Goombay Dance Band
38%
1977 So You Win Again Hot Chocolate
38%
1986 Reet Petite Jackie Wilson
38%
1984 I Should Have Known Better Jim Diamond
38%
1981 Begin the Beguine (Volver A Empezar) Julio Iglesias
38%
2008 Sex On Fire Kings of Leon
38%
1989 Something's Gotten Hold of My Heart Marc Almond
38%
1974 Billy - Don't Be A Hero Paper Lace
38%
1990 A Little Time The Beautiful South
38%
1991 Should I Stay or Should I Go The Clash
38%
1963 Glad All Over The Dave Clark Five
38%
1983 Only You The Flying Pickets
38%
1974 When Will I See You Again The Three Degrees
38%
1991 Dizzy Vic Reeves
38%
1993 All That She Wants Ace of Base
35%
1988 I Knew You Were Waiting (For Me) Aretha Franklin
35%
2014 Gecko (Overdrive) Becky Hill
35%
1966 You Don't Have to Say You Love Me Dusty Springfield
35%
1999 Praise You Fatboy Slim
35%
2006 Crazy Gnarls Barkley
35%
1964 I'm into Something Good Herman's Hermits
35%
2005 You're Beautitful James Blunt
35%
1980 What's Another Year Johnny Logan
35%
2007 Ruby Kaiser Chiefs
35%
2009 My Life Would Suck Without You Kelly Clarkson
35%
2007 When You Believe Leon Jackson
35%
2013 Royals Lorde
35%
2007 Grace Kelly Mika
35%
1982 A Little Peace Nicole
35%
2001 Somethin' Stupid Nicole Kidman
35%
1967 A Whiter Shade of Pale Procol Harum
35%
1992 Deeply Dippy Right Said Fred
35%
1965 King of the Road Roger Miller
35%
1981 Jealous Guy Roxy Music
35%
1988 Theme From S'Express S'Express
35%
1989 Belfast Child Simple Minds
35%
1985 Frankie Sister Sledge
35%
1987 Star Tekkin' The Firm
35%
1977 Chanson D'Amour The Manhattan Transfer
35%
1993 No Limit 2 Unlimited
32%
2004 Do They Know It's Christmas? Band Aid 20
32%
1987 Everything I Own Boy George
32%
1987 I Owe You Nothing Bros
32%
1970 Grandad Clive Dunn
32%
1959 Only Sixteen Craig Douglas
32%
1970 I Hear You Knocking Dave Edmunds
32%
1982 It's My Party Dave Stewart
32%
1992 ABBA-esque Erasure
32%
1980 Together We Are Beautiful Fern Kinney
32%
2012 Somebody I Used to Know Gotye
32%
2017 Sign of the Times Harry Styles
32%
1960 Good Timin' Jimmy Jones
32%
2019 Old Town Road Lil Nas X
32%
1987 La Bamba Los Lobos
32%
1999 Mambo No.5 (A Little Bit Of...) Lou Bega
32%
1985 If I Was Midge Ure
32%
1972 Without You Nilsson
32%
2010 Fireflies Owl City
32%
1957 Diana Paul Anka
32%
1973 Welcome Home Peters and Lee
32%
1969 Where Do You Go To (My Lovely) Peter Sarstedt
32%
2013 Blurred Lines Robin Thicke
32%
1968 Blackberry Way The Move
32%
1976 You to Me Are Everything The Real Thing
32%
1975 Barbados Typically Tropical
32%
1988 The Only Way Is Up Yazz and the Plastic Population
32%
1978 Matchstalk Men and Matchstalk Cats and Dogs Brian and Michael
29%
2020 WAP Cardi B
29%
1969 Bad Moon Rising Creedence Clearwater Revival
29%
1976 The Roussos Phenomenon Demis Roussos
29%
2008 Mercy Duffy
29%
1970 Love Grows (Where My Rosemary Goes) Edison Lighthouse
29%
2012 We Are Young fun
29%
2010 Airplanes Hayley Williams
29%
1976 Don't Cry For Me Argentina Julie Covington
29%
1981 The Model/Computer Love Kraftwerk
29%
2013 Uptown Funk Mark Ronson
29%
1968 Ob-La-Do Ob-La-Di Marmalade
29%
2012 Payphone Maroon 5
29%
2006 Welcome to the Black Parade My Chemical Romance
29%
2013 Counting Stars OneRepublic
29%
1964 World Without Love Peter and Gordon
29%
2009 Killing In The Name Rage Against the Machine
29%
2006 I Don't Feel Like Dancin' Scissor Sisters
29%
2005 That's My Goal Shayne Ward
29%
1980 Working My Way Back to You/Forgive Me Girl The Detroit Spinners
29%
1974 Sugar Baby Love The Rubettes
29%
1992 Ebeneezer Goode The Shamen
29%
1975 I Can't Give You Anything (But My Love) The Stylistics
29%
2008 That's Not My Name The Ting Tings
29%
2009 (Barry) Islands In The Stream "Vanessa ""Nessa"" Jenkins/Ruth Jones"
29%
1952 Here in My Heart Al Martino
26%
1989 Do They Know It's Christmas? Band Aid II
26%
1986 I Want to Wake Up With You Boris Gardiner
26%
1984 I Fell For You Chaka Khan
26%
1992 Would I Lie to You Charles & Eddie
26%
2005 Axel F Crazy Frog
26%
1988 Perfect Fairground Attraction
26%
1957 Mary's Boy Child Harry Belafonte
26%
2002 Kiss Kiss Holly Valance
26%
2014 I Got U Jax Jones
26%
1966 Distant Drums Jim Reeves
26%
1968 With a Little Help from My Friends Joe Cocker
26%
1979 One Day at a Time Lena Martell
26%
1996 Return of the Mack Mark Morrison
26%
2010 When We Collide Matt Cardle
26%
1971 Chirpy Chirpy Cheap Cheap Middle of the Road
26%
1985 Dancing in the Street Mike Jagger
26%
2016 I Took A Pill in Ibiza Mike Posner
26%
1990 World In Motion New Order
26%
1980 Use It Up and Wear It Out Odyssey
26%
1985 Move Closer Phyllis Nelson
26%
2017 Rockstar Post Malone
26%
1994 The Most Beautiful Girl in the World Prince
26%
1982 Save Your Love Renée and Renato
26%
2013 Skyscraper Sam Bailey
26%
2010 California Gurls Snoop Dogg
26%
1989 You'll Never Stop Me From Loving You Sonia
26%
1973 Block Buster! Sweet
26%
1993 Young at Heart The Bluebells
26%
1971 Hey Girl Don't Bother Me The Tams
26%
2016 Pillowtalk Zayn
26%
1957 Butterfly Andy Williams
24%
2018 Sweet but Psycho Ava Max
24%
2020 No Time to Die Billie Eilish
24%
2009 (Barry) Islands in the Stream Bryn West/Rob Brydon
24%
2009 Evacute The Dancefloor Cascada
24%
1998 Chocolate Salty Balls (P.S I Love You) Chef
24%
2020 Rockstar DaBaby
24%
2004 F.U.R.B (F U Right Back) Frankee
24%
1992 Ain't No Doubt Jimmy Nail
24%
1983 Give It Up KC and The Sunshine Band
24%
2009 Bulletproof La Roux
24%
1972 Mouldy Old Dough Lieutenant Pigeon
24%
2016 7 Years Lukas Graham
24%
1990 Show Me Heaven Maria McKee
24%
1968 Those Were the Days Mary Hopkin
24%
2014 Changing Paloma Faith
24%
1975 January Pilot
24%
1974 The Streak Ray Stevens
24%
2007 Beauitful Girls Sean Kingston
24%
1992 Stay Shakespear's Sister
24%
2000 Groovejet (If This Ain't Love) Spiller
24%
2012 Don't You Worry Child Swedish House Mafia
24%
1992 Sleeping Satellite Tasmin Archer
24%
1999 Pretty Fly (For A White Guy) The Offspring
24%
2012 Hall of Fame The Script
24%
1962 Telstar The Tornados
24%
2019 Blinding Lights The Weekend
24%
2019 Dance Monkey Tones and I
24%
1979 Are Friends Electric? Tubeway Army
24%
2005 Ghetto Gospel 2Pac
21%
1990 Killer Adamski
21%
2001 Because I Got High Afroman
21%
1969 (If Paradise Is) Half As Nice Amen Corner
21%
2014 Do They Know It's Christmas Band Aid 30
21%
1974 She Charles Aznavour
21%
1966 Out of Time Chris Farlowe
21%
2002 Colourblind Darius
21%
1960 Three Steps to Heaven Eddie Cochran
21%
2014 Ghost Ella Henderson
21%
1959 What Do You Want to Make Those Eyes At Me For? Emile Ford and The Checkmates
21%
2003 Bring Me To Life Evanescence
21%
2006 Put Your Hands Up For Detroit Fedde le Grand
21%
1987 Let It Be Ferry Aid
21%
1976 No Charge J.J Barrie
21%
1981 Shaddup You Face Joe Dolce Music Theatre
21%
1960 Running Bear Johnny Preston
21%
1965 Tears Kenn Dodd
21%
1954 Little Things Mean A Lot Kitty Kallen
21%
2002 The Ketchup Song (Asereje) Las Ketchup
21%
2000 Can't Fight the Moonlight LeAnn Rimes
21%
2001 Lady Marmalade Lil' Kim
21%
1968 Everlasting Love Love Affair
21%
2017 Despacito (Remix) Luis Fonsi
21%
2013 Animals Martin Garrix
21%
2013 La La La Naughty Boy
21%
2015 Cheerleader OMI
21%
1988 First Time Robin Beck
21%
1969 Je t'tame... moi non plus Serge Gainsbourg
21%
1970 Tears of a Clown Smokey Robinson and The Miracles
21%
1975 Make Me Smile (Come Up and See Me) Steve Harley & Cockney Rebel
21%
1975 If Telly Savalas
21%
2016 Closer The Chainsmokers
21%
1977 Float On The Floaters
21%
1964 Go Now The Moody Blues
21%
1959 Smoke in Your Eyes The Platters
21%
1972 Eye Level The Simon Park Orchestra
21%
1991 Do the Batman The Simpsons
21%
1991 Dizzy The Wonder Stuff
21%
1969 Dizzy Tommy Roe
21%
2006 Hips Don't Lie Wyclef Jean
21%
1974 Jealous Mind Alvin Stardust
18%
2007 (I'm Gonna Be) 500 Miles Andy Pipkin/Matt Lucas
18%
1996 Spaceman Babylon Zoo
18%
1981 It's My Party Barbara Gaskin
18%
1992 End of the Road Boyz II Men
18%
1982 I've Never Been to Me Charlene
18%
1972 Son of My Father Chicory Tip
18%
2001 Hey Baby DJ Otzi
18%
1994 Doop Doop
18%
1980 Xandu Electric Light Orchestra (ELO)
18%
1997 I Wanna to be The Only One Eternal
18%
1997 I'll Be Missing You Faith Evans
18%
1974 Rock You Baby George McCrae
18%
2005 Dare Gorillaz
18%
1969 Je t'aime… moi non plus Jane Birkin
18%
1960 Poetry in Motion Johnny Tillotson
18%
1974 Everything I Own Ken Boothe
18%
2008 All Summer Long Kid Rock
18%
2012 Beneath Your Beautiful Labrinth
18%
2002 Rollin' Limp Bizkit
18%
2020 WAP Megan Thee Stallion
18%
2014 Bang Bang Nicki Minaj
18%
1994 Let's Get Ready to Rhumble PJ and Duncan (Ant and Dec)
18%
2011 Read All About It Professor Green
18%
1998 It's Like That Run–D.M.C.
18%
1975 For Ever and Ever Slik
18%
2001 21 Seconds So Solid Crew
18%
2005 Dakota Stereophonics
18%
1967 Baby Now That I Found You The Foundations
18%
1966 With a Girl Like You The Troggs
18%
1962 Nut Rocker B. Bumble and the Stingers
15%
1990 Dub Be Good to Me Beats International
15%
1955 Rock Around The Clock Bill Haley & His Comets
15%
1969 Get Back Billy Preston
15%
2005 Goodies Ciara
15%
1958 It's Only Make Believe Conway Twitty
15%
2004 Call On Me Eric Prydz
15%
1993 Living On My Own Freddie Mercury
15%
2018 Shotgun George Ezra
15%
1998 Deeper Underground Jamiroquai
15%
1961 Johnny Remember Me John Leyton
15%
1960 Shakin' All Over Johnny Kidd and the Pirates
15%
1975 Tears on My Pillow Johnny Nash
15%
1953 (How Much Is) That Doggy In The Window Lita Roza
15%
1967 Let the Heartaches Begin Long John Baldry
15%
2000 Don't Call Me Baby Madison Avenue
15%
2014 Rude Magic!
15%
1999 Perfect Moment Martine McCutcheon
15%
1962 Come Outside Mike Sarne
15%
2004 These Words Natasha Bedingfield
15%
1995 Love Can Build a Bridge Neneh Cherry
15%
1983 Candy Girl New Edition
15%
2005 JCB Song Nizlopi
15%
1994 Baby Come Back Pato Banton
15%
2006 America Razorlight
15%
2005 I Wish I Was A Punk Rocker Sandi Thom
15%
1966 All or Nothing Small Faces
15%
2003 All The Things She Said t.A.T.u.
15%
2017 Look What You Made Me Do Taylor Swift
15%
1964 Diane The Bachelors
15%
1964 Have I The Right? The Honeycombs
15%
1977 Show You the Way to Go The Jacksons
15%
1974 Ms Grace The Tymes
15%
1969 Something in the Air Thunderclap Newman
15%
1969 In the Year 2525 Zager and Evans
15%
2017 Symphony Zara Larsson
15%
2020 Mood 24KGoldn
12%
2004 Baby Cakes 3 of a Kind
12%
2014 She Looks So Perfect 5 Seconds of Summer
12%
1955 Dreamboat Alma Cogan
12%
1994 Let Me Be Your Fantasy Baby D
12%
2008 Now You're Gone Basshunter
12%
1990 With a Little Help From My Friends/She's Leaving Home Billy Bragg
12%
2002 Crossroads Blazin' Squad
12%
2009 Oopsy Daisy Chipmunk
12%
1991 I Wanna Sex You Up Color Me Badd
12%
1968 Fire! Crazy World of Arthur Brown
12%
1968 Legend of Xanadu Dave Dee, Dozy, Beaky, Mick and Tich
12%
1977 Free Deniece Williams
12%
2002 Heaven DJ Sammy
12%
1990 Sadness (Part 1) Enigma
12%
1995 Love Can Build A Bridge Eric Clapton
12%
1956 Why Do Fools Fall In Love Frankie Lymon and the Teenagers
12%
2003 Mad World Gary Jules
12%
2013 I Love It Icona Pop
12%
2009 The Climn Joe McElderry
12%
2016 One Dance Kyla
12%
1999 Fly Away Lenny Kravitz
12%
2002 Just A Little Liberty X
12%
1997 Ain't Nobody LL Cool J
12%
1970 Woodstock Matthews' Southern Comfort
12%
2004 All This Time Michelle McManus
12%
1998 I Want You Back Missy Elliott
12%
2001 Lady Marmalade Mýa
12%
2009 Number 1 N-Dubz
12%
2003 Changes Ozzy Osbourne
12%
2011 Heart Skips A Beat Rizzle Kicks
12%
1967 San Francisco (Be Sure to Wear Some Flowers In Your Hair) Scott McKenzie
12%
2004 Lola's Theme Shapeshifters
12%
1987 Jack Your Body "Steve ""Silk"" Hurley"
12%
1994 Inside Stiltskin
12%
1974 Sad Sweet Dreamer Sweet Sensation
12%
2000 Breathless The Corrs
12%
1957 That'll Be The Day The Crickets
12%
1968 Baby Come Back The Equals
12%
1964 Juliet The Four Pennies
12%
1961 Blue Moon The Marcels
12%
2004 Dry Your Eyes The Streets
12%
2005 Over and Over Tim McGraw
12%
1994 The Real Thing Tony Di Bart
12%
1997 Professial Window (It's Not Too Big) Tori Amos
12%
2016 One Dance Wizkid
12%
2013 Talk Dirty 2 Chainz
9%
2002 | 2003 More Than A Woman Aaliyah
9%
2014 The Man Aloe Blacc
9%
1956 Lay Down Your Arms Anne Shelton
9%
2018 Eastside Benny Blanco
9%
1990 Itsy Bitsy Teeny Weeny Yellow Polka Dot Bikini Bombalurina
9%
2017 Wild Thoughts Bryson Tiller
9%
2017 Despacito (Remix) Daddy Yankee
9%
2010 Once Diana Vickers
9%
2004 Cha Cha Slide DJ Casper
9%
1996 Knockin' On Heaven's Door Dunblane
9%
2001 What Took You So Long Emma Bunton
9%
1961 On the Rebound Floyd Cramer
9%
2010 Replay Iyaz
9%
1952 You Belong to Me Jo Stafford
9%
2020 Godzilla Juice Wrld
9%
2003 Changes Kelly Osbourne
9%
2015 A Bridge Over You Lewisham and Greenwich NHS Choir
9%
2004 Take Me to The Clouds Above LMC
9%
1998 I Want You Back Mel B
9%
2003 Mad World Michael Andrews
9%
2020 You'll Never Walk Alone Michael Ball
9%
2011 Wherever You ARe Military Wives
9%
2014 Am I Wrong Nico and Vinz
9%
1985 Easy Lover Philip Bailey
9%
2017 I'm The One Quavo
9%
2003 Make Luv Room 5
9%
1955 Softly, Softly Ruby Murray
9%
2010 This Ain't A Love Song Scouting for Girls
9%
1955 Rose Marie Slim Whitman
9%
2005 Against All Odds Steve Brookstein
9%
1958 When The Kalin Twins
9%
2020 You'll Never Walk Alone The NHS Voices of Care Choir
9%
2006 Nasty Girl The Notorious B.I.G.
9%
1968 Young Girl The Union Gap
9%
1965 Concrete and Clay Unit 4 + 2
9%
1997 Perfect Day Various Artists
9%
1954 My son, my son Vera Lynn
9%
1999 King of My Castle Wamdue Project
9%
2017 Havana Young Thug
9%
2017 Rockstar 21 Savage
6%
2011 Give Me Everything Afrojack
6%
1999 9PM (Till I Come Home) ATB
6%
1999 Everybody's Fre (To Wear Sunscreen) Baz Luhrmann
6%
2013 Get Up (Rattle) Bingo Players
6%
1969 I'll Never Fall In Love Again Bobbie Gentry
6%
2005 Don't Cha Busta Rhymes
6%
2020 You'll Never Walk Alone Captain Tom Moore
6%
1993 Twist and Shout Chaka Demus & Pliers
6%
2017 I'm The One Chance the Rapper
6%
2013 I Love It Charli XCX
6%
1993 Mr Vain Culture Beat
6%
2011 No Regrets Dappy
6%
2003 Stop Living The Lie David Sneddon
6%
2015 House Every Weekend David Zowie
6%
1968 The Israelites Desmond Dekker and The Aces
6%
2004 F**k It (I Don't Want You Back) Eamon
6%
1961 When I Ask You Eden Kane
6%
1968 Cinderalla Rockafella Esther & Abi Ofarim
6%
2007 What A Wonderful World Eva Cassidy
6%
2000 Toca's Miracle Fragma
6%
1966 Getaway Georgie Fame And The Blue Flames
6%
2011 Goonrock Goonrock
6%
2010 Everybody Hurts Helping Haiti
6%
1989 Ferry Cross The Mersey Holly Johnson
6%
1968 The Good, the Bad and the Ugly Hugo Montenegro
6%
2012 We Are Young Janelle Monáe
6%
2015 Lay Me Down John Legend
6%
2002 A Little Less Conversation JXL
6%
2015 Turn The Music Louder (Rumble) KDA
6%
2007 The Way I Are Keri Hilson
6%
2014 Hideaway Kiesza
6%
2018 Freaky Friday Lil Dicky
6%
2004 Yeah Lil' Jon
6%
1994 Dreamer Livin' Joy
6%
2004 Yeah Ludacris
6%
2016 Cold Water Major Lazer
6%
2004 I Don't Wanna Know Mario Winans
6%
2005 Singin' In The Rain Mint Royale
6%
1999 Flat Beat Mr Oizo
6%
2014 Waves Mr Probz
6%
2003 Make Luv Oliver Cheatham
6%
2006 No Tomorrow Orson
6%
2000 Bound 4 Da Reload (Casualty) Oxide & Neutrino
6%
1990 Turtle Power Partners in Kryme
6%
2005 Goodies Petey Pablo
6%
2015 Fight Song Rachel Platten
6%
2007 With Every Heartbeat Robyn
6%
2001 Another Chance Roger Sanchez
6%
2012 Bom Bom Sam and the Womp
6%
2004 With A Little Help From My Friends Sam & Mark
6%
1989 Ferry Cross The Mersey The Christians
6%
1956 It's Almost Tomorrow The Dream Weavers
6%
1961 Michael The Highwaymen
6%
1968 Mony Mony Tommy James and the Shondells
6%
1955 Stranger in Paradise Tony Bennett
6%
2012 Young Tulisa
6%
1997 Your Woman White Town
6%
2011 Don't Go Wretch 32
6%
2015 King Years & Years
6%
2010 We No Speak Americano Yolanda Be Cool
6%
1999 A Little Bit More 911
3%
1998 Freak Me Another Level
3%
2017 Bridge Over Troubled Water Artists for Grenfell
3%
2004 Wonderful Ashanti
3%
2017 Feels Big Sean
3%
2000 You See The Trouble With Me Black Legend
3%
2004 Real to Me Brian McFadden
3%
2000 Don't Give Up Chicane
3%
2012 Twilight Cover Drive
3%
1971 Double Barrel Dave and Ansell Collins
3%
1993 Boom! Shake the Room! DJ Jazzy Jeff and The Fresh Prince
3%
2001 Do You Really Like It DJ Pied Piper and the Masters of Ceremonies
3%
2013 Get Lucky Draft Punk
3%
2014 Tsunami (Jump) DVBBS
3%
2012 This Is Love Eva Simons
3%
2003 Be Faitful Fatman Scoop
3%
2012 Sweet Nothing Florence Welch
3%
1991 The Stonk Hale and Pace and the Stonkers
3%
2014 Problem Iggy Azalea
3%
1965 Where Are You Now (My Love) Jackie Trent
3%
2010 Shout James Corden
3%
1998 It's Like That Jason Nevins
3%
2020 Head & Heart Joel Corry
3%
2012 He Ain't Heavy He's My Brother Justice Collective
3%
2007 What A Wonderful World Katie Melua
3%
2007 With Every Heartbeat Kleerup
3%
1992 Please Don't Go/Game Boy KWS
3%
2014 Prayer in C Lilly Wood and the Prick
3%
1958 Hoot's Mon Lord Rockingham's XI
3%
2015 Are You With Me Lost Frequencies
3%
2020 Head & Heart MNEK
3%
2000 Lady (Here Me Tonight) Modjo
3%
2013 I Could Be The One Nicky Romero
3%
2011 Don't Hold You Breath Nicole Scherzinger
3%
1956 I'll Be Home Pat Boone
3%
1953 Don't Let The Stars Get in Your Eyes Perry Como and The Ramblers
3%
2002 Dirrty Redman
3%
2014 Me and My Broken Heart Rixton
3%
2014 Prayer in C Robin Schulz
3%
2001 Touch Me Rui da Silva
3%
1999 Sweet Like Chocolate Shanks & Bigfoot
3%
2010 Shout Shout for England
3%
1976 Forever and Ever Silk
3%
2000 It Feels So Good Sonique
3%
1989 Back to Life (However Do You Want Me) Soul II Soul
3%
1990 The Joker Steve Miler Band
3%
1957 Young Love Tab Hunter
3%
1966 Michelle The Overlands
3%
1961 You're Driving Me Crazy The Temperance Seven
3%
2008 Hero The X Factor Finalists 2008
3%
2009 You Are Not Alone The X Factor Finalists 2009
3%
2010 Heroes The X Factor Finalists 2010
3%
2011 Wishing On A Star The X Factor Finalists 2011
3%
1958 It's All in the Game Tommy Edwards
3%
1968 Singing the Blues Tommy Steele and The Steelmen
3%
1958 On the Street Where You Live Vic Damone
3%
2013 Under Control Alesso
0%
2014 Something I Need Ben Haenow
0%
2003 Breathe Blu Cantrell
0%
2014 Tsunami (Jump) Borgeous
0%
2009 Gettin' Over Chris Willis
0%
2003 Be Faithful Crooklyn Clan
0%
2010 We No Speak Americano D CUP
0%
2011 She Makes Me Wanna Dev
0%
1954 Hold My Hand Don Cornell
0%
1999 Blue (Da Ba Dee) Eliffel 65
0%
2013 Waiting All Night Ella Eyre
0%
2013 Get Up (Rattle) Far East Movement
0%
2012 Spectrum (Say My Name) Florence + The Machine
0%
2018 Funky Friday Fredo
0%
2012 The Power of Love Gabrielle Aplin
0%
2014 Wake Me Up Gareth Malone's All Star Choir
0%
1988 Nothing's Gonna Change My Love for You Glenn Mederios
0%
2013 Under Control Hurts
0%
2013 Under Control Hurtus
0%
1958 The Day The Rains Comes Jane Morgan
0%
2004 Wonderful Ja Rule
0%
2020 Savage Love Jawsh 685
0%
2011 Don't Go Josh Kumra
0%
2015 Turn The Music Louder (Rumble) Katy B
0%
2000 Never Be The Same Again "Lisa ""Left Eye"" Lopes"
0%
2020 Times Like These Live Lounge Allstars
0%
1958 Whole Lotta Love Marvin Rainwater
0%
2012 Heatwave Ms D
0%
2011 Promises Nero
0%
1955 Cherry Pink and the Apple Blossom White "Perez ""Prez"" Prado and his Orchestra"
0%
1972 Amazing Grace Pipes and Drums and Military Band of the Royal Scots Dragoon Guards
0%
2001 Angel Rayvon
0%
1956 No Other Love Ronnie Hilton
0%
2014 My Love Route 94
0%
2020 Roses Saint Jhn
0%
2011 Loca People Sak Noel
0%
1953 I'm Walking Right Behind You Sally Sweetland
0%
2014 I Wanna Feel Secondcity
0%
1981 Being With You Smokey Robison
0%
1998 Gin and Tonic Spacedust
0%
2012 Sing The Commonwealth Band
0%
1955 Hernando's Hideaway The Johnston Brothers
0%
2013 What About Us The Saturdays
0%
1998 Feel It The Tamperer featuring Maya
0%
2003 Loneliness Tomcraft
0%
2012 Heatwave Wiley
0%
No matching quizzes found
Score Distribution
Percent of People with Each Score
Percentile by Number Answered
Your Score History
You have not taken this quiz